Statistics for Biggest Trading Partners - Morocco

Click here to take the quiz!

General Stats

  • This quiz has been taken 23 times
  • The average score is 24 of 30

Answer Stats

ExportsCountry% Correct
2.43 bilItaly
100%
0.89 bilItaly
100%
2.00 bilUnited States
100%
0.77 bilUnited States
100%
3.93 bilFrance
95%
5.82 bilFrance
95%
3.84 bilSpain
95%
3.52 bilSpain
95%
0.98 bilAlgeria
90%
2.02 bilChina
90%
0.65 bilUnited Kingdom
90%
1.03 bilUnited Kingdom
90%
0.48 bilGermany
86%
1.67 bilGermany
86%
2.81 bilSaudi Arabia
86%
0.64 bilBelgium
81%
1.37 bilIndia
81%
0.65 bilJapan
81%
2.07 bilRussia
81%
0.28 bilRussia
81%
0.28 bilTurkey
81%
0.93 bilTurkey
81%
0.68 bilBrazil
76%
0.98 bilBrazil
76%
0.44 bilNetherlands
76%
0.77 bilNetherlands
76%
0.47 bilPakistan
67%
1.04 bilIran
43%
0.29 bilSingapore
38%
0.31 bilNew Zealand
10%

Score Distribution

Percentile by Number Answered

Percent of People with Each Score

Your Score History

You have not taken this quiz